000 00609nam a2200193 i 4500
001 65587
003 ES-MaACL
005 20230906165425.0
007 t|
008 040116s1985 xxk ||||1| eng d
020 _a0-7456-0188-X
100 1 _aFrisby, David.
_952669
245 1 0 _aFragments of modernity
_b: theories of modernity in the work of Simmel, Kracauer and Benjamin /
_cDavid Frisby.
260 _aCambridge :
_bPolity Press ;
_aOxford :
_bBasil Blackwell,
_c1985.
300 _aVIII, 319 p. ;
_c24 cm.
500 _aIndice.
504 _aBibliografía.
852 _aES-MaACL
_jC-3463
_bR.114251
999 _c65587
_d65587